| 000 | 00482nam a2200181 a 4500 | ||
|---|---|---|---|
| 001 | 1766807035282 | ||
| 003 | ACL | ||
| 005 | 20251227091621.0 | ||
| 008 | 251227s2009##################000#0#eng## | ||
| 020 | _a9780071611589 | ||
| 082 | 0 | 4 |
_a650.01513 _bDON |
| 100 | 1 |
_aLerner, Joel J., _eauthor. |
|
| 245 | 1 | 0 | _aSchaum's Outline of Basic Business Mathematics, 2ed : |
| 260 |
_bMcGraw-Hill Education, _c2009. |
||
| 650 | 0 | _aStudy Aids. | |
| 942 | _cENGLISH | ||
| 040 |
_aACL _beng _cACL |
||
| 999 |
_c605495 _d605495 |
||